01086nam a2200289Ia 4500003000400000005001700004006001800021007000300039008004100042024001100083037001100094040001800105041001300123100002700136110008900163245018400252260000900436300001800445650002400463700003300487700003400520700003400554700008900588942001200677999001900689952008800708OSt20220930081914.0a|||||r|||| 00| 0ta220926b |||||||| |||| 00| 0 eng d a109276 cTheses aCRLcCRLbeng 2engaeng aRastogi Gaurav9542326 aUniversity of Delhi. Faculty of Medical Sciences. Department of Orthopaedics9519703 0aComparison of surgical outcomes of modified bosworth screw fixation (Plain) and supplemented with coracoacromial ligament transfer in acute complete acromioclavicular dislocations c2010 a71p.ap.ccm. aORTHOPEDICS9519704 a Dr. Lalit Maini Gu.9538225 a Dr. Mukesh Kalra Gu.9538204 a Dr. V. K. Gautam Gu.9532646 aUniversity of Delhi. Faculty of Medical Sciences. Department of Orthopaedics9519706 cDIS2CC c872199d872199 00104070aCRLbCRLd2022-09-30l0pTH0017871r2022-09-30 00:00:00w2022-09-30yTH